[Event "3rd Kolkata GM Open 2018"]
[Site "Kolkata"]
[Date "2018.05.20"]
[Round "7"]
[White "Rathnakaran, K."]
[Black "Erigaisi Arjun"]
[Result "0-1"]
[WhiteElo "2377"]
[BlackElo "2488"]
[Annotator "TA"]
[PlyCount "84"]
[EventDate "2018.??.??"]
[EventType "swiss"]
[EventCountry "IND"]
[SourceTitle "playchess.com"]
[Source "ChessBase"]
[SourceQuality "1"]

{[%evp 14,84,25,6,18,10,8,19,59,4,28,0,0,-5,0,-16,0,-8,9,-76,-79,-98,-94,-93,-83,-97,-47,-43,-49,-50,-56,-101,-78,-165,-93,-130,-140,-118,-122,-116,-84,-104,-90,-113,-87,-158,-154,-387,-362,-384,-350,-465,-416,-405,-404,-389,-406,-433,-352,-886,-900,-1236,-1246,-1839,-1830,-1864,-1549,-1546,-1499,-1484,-1433,-29981,-29983]} 1. e4 c5 2. Nf3 e6 3. d4 cxd4 4. Nxd4 a6 5. c4 Nf6 6. Nc3 Bb4 7. Bd3 Nc6 8. Nf3 {LiveBook: 3 Games. B41: Sicilian: Kan Variation: 5 c4} (8. Bc2 Ne5 9. O-O d6 10. f4 Nxc4 11. Kh1 Bd7 12. Qe2 Qc7 13. e5 dxe5 14. fxe5 Nxe5 15. Bf4 Bd6 16. Rad1 {½-½ (33) Ivanisevic,I (2641)-Horvath,C (2497) Hungary 2017}) 8... d6 9. O-O Bxc3 $146 ({Predecessor:} 9... O-O 10. Bd2 h6 11. Rc1 e5 12. h3 Be6 13. a3 Bc5 14. b4 Ba7 15. Nd5 a5 {½-½ (26) Michiels,B (2442)-Kraemer,M (2456) Charleroi 2008}) 10. bxc3 {The position is equal.} Nd7 11. Be2 ({White should play} 11. Bc2 $14) 11... Nc5 $11 12. Qc2 O-O 13. Be3 Qc7 14. Rad1 b6 15. Nd2 e5 16. f4 (16. Bxc5 $11 {remains equal.} dxc5 17. Rfe1) 16... exf4 $1 $17 17. Rxf4 Ne5 18. Nb3 Ne6 19. Rh4 Bb7 20. Nd4 Nc5 21. Nf5 Rad8 22. Rd4 Ne6 23. Qc1 (23. Rd1 $17) 23... f6 (23... Nxd4 $19 24. cxd4 Ng6) 24. Qe1 Nxd4 25. cxd4 Ng6 $1 {[%cal Rg6h4]} 26. Rg4 Rfe8 27. Bd3 {[#]} Bc8 $1 28. Qg3 {[#]} Kh8 $1 29. Rxg6 (29. Bf2 $142) 29... hxg6 {[%cal Bh7g6,Bg6g5][%mdl 32]} 30. Nh4 $2 (30. Qxg6 $17 Bxf5 31. Qxf5) 30... g5 $19 31. Nf3 {[#]} b5 $1 32. c5 (32. cxb5 Qc3) 32... Qd7 33. d5 {and the idea c6 leaves White hopeful.} dxc5 34. Bxc5 Qg4 35. Qc7 Qf4 36. d6 $2 (36. Qxf4 gxf4 37. Bb6) 36... Bg4 37. Kf2 Bxf3 38. gxf3 g4 39. Be2 Qxh2+ 40. Ke1 gxf3 41. Bxf3 Rc8 42. Qf7 Rxc5 {Precision: White = 17%, Black = 69%.} 0-1

[Event "3rd Kolkata GM Open 2018"]
[Site "Kolkata"]
[Date "2018.05.20"]
[Round "7"]
[White "Islam, Kh  Aminul"]
[Black "Vishnu Prasanna. V"]
[Result "1/2-1/2"]
[WhiteElo "2296"]
[BlackElo "2532"]
[Annotator "TA"]
[PlyCount "88"]
[EventDate "2018.??.??"]
[EventType "swiss"]
[EventCountry "IND"]
[SourceTitle "playchess.com"]
[Source "ChessBase"]
[SourceQuality "1"]

{[%evp 13,88,0,0,8,39,27,43,43,58,82,60,39,58,69,75,48,69,0,64,13,15,18,8,12,22,0,25,0,0,0,0,-11,0,0,8,11,33,0,0,0,0,-56,-31,-76,-83,-87,-75,-123,-52,-127,0,-44,-40,-32,103,0,141,156,141,67,45,79,94,74,89,87,345,0,75,82,75,70,71,31,789,-79,-73]} 1. d4 f5 2. e4 fxe4 3. Nc3 Nf6 4. Bg5 g6 5. h4 d5 6. h5 Bg7 {A83: Dutch Defence: Staunton Gambit with 3 Nc3 Nf6 4 Bg5} (6... Bf5 7. Bxf6 exf6 8. g4 Be6 9. hxg6 Qd7 10. g5 fxg5 11. Qh5 Qg7 12. Qxg5 c6 13. Nge2 hxg6 14. Rxh8 Qxh8 {½-½ (38) Plat,V (2539)-Sopur,L (2394) Poronin 2017}) 7. h6 Bf8 {LiveBook: 3 Games} 8. Qd2 e6 {The position is equal.} 9. O-O-O Be7 10. f3 exf3 11. Nxf3 O-O 12. Re1 $146 {[%mdl 1024] White has compensation.} Nc6 13. Bb5 Nb4 14. Ne5 a6 15. Bd3 (15. Ba4 $1 $14) 15... Nxd3+ ({Better is} 15... Nd7 $1 $11 16. Nf3 Nb6) 16. Qxd3 (16. cxd3 $14 c6 17. Qe3) 16... Nd7 $11 17. Bxe7 Qxe7 18. Nf3 Nb6 19. Ne5 Bd7 20. Kb1 Rf6 21. b3 Raf8 22. Rh3 {[%cal Bh1h3,Bh3e3,Be3e2][%mdl 32]} Be8 23. Rhe3 Bd7 24. R3e2 Bc8 25. Qe3 Rf5 26. g4 Rf4 27. Nd3 (27. Qd2 $11) 27... Rxg4 $15 28. Rg1 Rxg1+ 29. Qxg1 Rf5 30. Kb2 Bd7 (30... Nd7 $17 31. a3 Nf6) 31. a4 ({White should try} 31. Qg3 $15 Qd6 32. Qe1) 31... Be8 (31... Nc8 $1 $17 32. Nc5 Nd6) 32. Qe1 Bf7 $1 33. Nc5 {[%cal Rc5e6]} e5 (33... Nd7 $15 {keeps the upper hand.} 34. Nxe6 Qf6) 34. a5 (34. Rxe5 $16 Rxe5 35. Qxe5 Qxe5 36. dxe5) 34... e4 (34... Nd7 $11 35. Nxd7 Qxd7 36. Rxe5 Qd6) 35. axb6 $16 cxb6 {[#]} 36. N5xe4 ({White should play} 36. Nd3 $1 $16 {[%mdl 512]}) 36... dxe4 $14 37. Nxe4 Qd8 38. Qd2 {Threatens to win with d5!} Bd5 39. Nc3 $1 Bc6 $2 {[%mdl 8192] [#]} (39... b5 $16 {might work better.}) 40. Qe3 $2 (40. d5 $1 $18 {[%mdl 512]}) 40... Qd6 (40... Qf6 $1 $11) 41. d5 Bd7 42. Qd4 {[%csl Gh6][%cal Rd4g7]} Qf6 43. Qc4 b5 $2 {[%mdl 8192]} (43... Qd6 $14) 44. Qb4 $2 ({Only move:} 44. Qc7 $18 Rf3 45. d6) 44... Rxd5 $1 {Precision: White = 39%, Black = 40%.} 1/2-1/2

[Event "3rd Kolkata GM Open 2018"]
[Site "Kolkata"]
[Date "2018.05.21"]
[Round "8"]
[White "Karthikeyan, Murali"]
[Black "Rathnakaran, K."]
[Result "1-0"]
[WhiteElo "2617"]
[BlackElo "2377"]
[Annotator "TA"]
[PlyCount "71"]
[EventDate "2018.??.??"]
[EventType "swiss"]
[EventCountry "IND"]
[SourceTitle "playchess.com"]
[Source "ChessBase"]
[SourceQuality "1"]

{[%evp 16,71,35,19,65,60,64,63,63,30,83,83,68,84,100,81,95,90,92,84,85,0,0,0,0,0,0,0,0,0,0,0,0,-2,-2,-2,0,0,0,0,0,0,53,52,95,91,91,91,91,99,77,87,995,993,906,863,29975,29976]} 1. e4 {[%cal Be2e4,Be4e5][%mdl 32]} e6 2. d4 d5 3. Nd2 Nf6 4. e5 Nfd7 5. Bd3 c5 6. c3 b6 7. Ne2 Ba6 8. Bxa6 Nxa6 9. Nf4 {LiveBook: 40 Games} Qc7 {Threatening ...cxd4. C06: French Tarrasch: 3...Nf6 4 e5 Nfd7 5 Bd3 main lines} (9... Nc7 10. O-O Be7 11. Qg4 g6 12. Nf3 c4 13. Nh3 b5 14. Bh6 f5 15. exf6 Nxf6 16. Qf4 Bd6 17. Ne5 Qe7 18. b3 Ne4 19. bxc4 bxc4 {0-1 (51) Ni,H (2710)-Korobov,A (2605) Beijing 2008}) 10. O-O cxd4 11. cxd4 Nb4 $146 {White is slightly better.} ({Predecessor:} 11... Rc8 12. Qg4 g6 13. Nxe6 fxe6 14. Qxe6+ Be7 15. Qxd5 Nb4 16. Qe4 Qc6 17. Qxc6 Rxc6 {0-1 (56) De Leon Justo,A (2054)-Gunter,D (2140) Lisbon 2001}) 12. Nf3 (12. Nb3 {looks sharper.} g6 13. Bd2 a5 14. Qg4 Qb7 15. Rfc1) 12... Qc2 (12... Be7 $1 $11 {remains equal.}) 13. Bd2 $16 Qxd1 14. Rfxd1 Nc6 15. Rdc1 $1 {[%cal Rc1c6]} Rc8 16. b4 $1 {[%cal Rb4b5] aiming for b5.} b5 17. a4 $1 {[%cal Ra4b5]} bxa4 18. Rxa4 (18. b5 $16 Ne7 19. Rxa4) 18... Nb6 $11 19. Raa1 {Hoping for Nd3.} Nxb4 20. Rxa7 Nc6 21. Rb7 Nc4 22. Nh5 Nd8 23. Ra7 Nc6 24. Ra6 Kd7 25. Be3 Bb4 26. h3 Ba5 27. Nxg7 h5 28. Bg5 Rh7 ({Better is} 28... Rcg8 $11) 29. Bf6 $14 Rg8 30. Nf5 $1 $36 {[%mdl 2048] White is in control.} exf5 {[#]} 31. Rxc4 $1 {[%mdl 512]} dxc4 32. d5 {[%cal Bd4d5,Bd5c6][%mdl 32]} Bd8 {And now ...Nb4 would win.} 33. dxc6+ ({But not} 33. Rxc6 Bxf6 34. exf6 Re8 $11) 33... Kc7 $2 {[%mdl 8192] [#]} (33... Kc8 $16) 34. Nd4 $1 $18 {[%cal Rd4b5]} Kb8 {[#]} 35. Nb5 $1 {Threatens to win with Bxd8.} Bc7 36. Ra7 {Precision: White = 84%, Black = 54%.} 1-0

[Event "3rd Kolkata GM Open 2018"]
[Site "Kolkata"]
[Date "2018.05.21"]
[Round "8"]
[White "Sandipan, Chanda"]
[Black "Short, Nigel D"]
[Result "1/2-1/2"]
[WhiteElo "2573"]
[BlackElo "2656"]
[Annotator "TA"]
[PlyCount "67"]
[EventDate "2018.??.??"]
[EventType "swiss"]
[EventCountry "IND"]
[SourceTitle "playchess.com"]
[Source "ChessBase"]
[SourceQuality "1"]

{[%evp 19,67,8,8,12,6,7,12,14,8,14,14,11,0,8,7,8,14,5,9,10,6,11,6,10,4,4,17,0,26,16,34,35,16,23,19,0,0,0,0,0,0,0,8,8,10,5,10,0,0,-6]} 1. d4 Nf6 2. c4 e6 3. Nc3 Bb4 4. e3 d5 5. Bd2 O-O 6. Nf3 b6 7. cxd5 exd5 8. Rc1 Bb7 9. Bd3 Nbd7 10. O-O Be7 {LiveBook: 4 Games. E52: Nimzo-Indian: Rubinstein: 4...0-0 5 Nf3 d5 6 Bd3 b6} 11. Be1 c5 12. Ne5 cxd4 13. Nxd7 {[#]} Qxd7 $146 ({Predecessor:} 13... Nxd7 14. exd4 Nf6 15. f3 g6 {1-0 (32) Fedoseev,V (2703)-Gajewski,G (2628) Khanty-Mansiysk 2017}) 14. Nb5 {[#] Strongly threatening Rc7.} Rfc8 15. Rxc8+ Rxc8 16. Nxd4 {Threatening Bf5.} g6 17. f3 Ne8 18. Bb5 Qd8 19. Bxe8 Qxe8 20. Bc3 Ba6 21. Re1 Bh4 22. g3 Be7 23. Ne2 Bb7 24. Nf4 Qb5 25. Qd4 {[%csl Gc3][%cal Rd4h8] [#]} f6 26. Rd1 {[%cal Rf4d5]} Kf7 27. Qd3 {The position is equal.} ({Don't go for} 27. Nxd5 $2 Rd8 $19) (27. h4 {is more complex.} Rd8 28. Rc1 Rc8 29. b3 Qc6 30. Bd2) 27... Qxd3 28. Rxd3 Rc5 29. Kf2 g5 30. Ne2 Ba6 31. Rd2 Bxe2 32. Kxe2 h5 33. Rd4 f5 34. Ra4 {Precision: White = 65%, Black = 71%.} 1/2-1/2

[Event "3rd Kolkata GM Open 2018"]
[Site "Kolkata"]
[Date "2018.05.21"]
[Round "8"]
[White "Sengupta, Deep"]
[Black "Narayanan, Srinath"]
[Result "0-1"]
[WhiteElo "2563"]
[BlackElo "2525"]
[Annotator "TA"]
[PlyCount "20"]
[EventDate "2018.??.??"]
[EventType "swiss"]
[EventCountry "IND"]
[SourceTitle "playchess.com"]
[Source "ChessBase"]
[SourceQuality "1"]

{[%evp 14,20,2,0,26,25,35,-226,-225]} 1. d4 Nf6 2. Bg5 d5 3. e3 c6 4. Bd3 Bg4 {[%cal Bc8g4,Bg4h5,Bh5g6,Bg6d3,Bd3e2][%mdl 32]} (4... Qb6 5. b3 Nbd7 6. Nd2 e5 7. c3 Bd6 8. Ne2 Qc7 9. h3 O-O 10. Rc1 Re8 11. O-O a6 12. c4 exd4 13. exd4 dxc4 14. Nxc4 {½-½ (69) Jobava,B (2690)-Sjugirov,S (2650) Riadh 2017}) 5. Ne2 Nbd7 6. f3 {D00: 1 d4 d5: Unusual lines} Bh5 7. O-O Bg6 8. c4 {LiveBook: 3 Games} e6 9. cxd5 Bxd3 $146 ({Predecessor:} 9... cxd5 10. Nbc3 Be7 11. Nf4 Bxd3 12. Nxd3 O-O 13. Rc1 Nb6 14. b3 Rc8 15. Qd2 Ba3 16. Rb1 Bb4 17. Nxb4 {1-0 (17) Cruzado Duenas,C (2579)-Cinca,D (2376) ICCF email 2010}) 10. dxc6 $2 {[%mdl 8192] [#]} (10. Qxd3 $14 {was the only good move.} cxd5 11. e4) 10... Bxe2 $1 0-1

[Event "3rd Kolkata GM Open 2018"]
[Site "Kolkata"]
[Date "2018.05.21"]
[Round "8"]
[White "Tukhaev, Adam"]
[Black "Deepan Chakkravarthy J"]
[Result "0-1"]
[WhiteElo "2551"]
[BlackElo "2516"]
[Annotator "TA"]
[PlyCount "66"]
[EventDate "2018.??.??"]
[EventType "swiss"]
[EventCountry "IND"]
[SourceTitle "playchess.com"]
[Source "ChessBase"]
[SourceQuality "1"]

{[%evp 22,65,44,10,28,17,26,18,30,31,24,29,60,0,3,-29,-22,-105,-83,-91,-84,-74,-49,-139,-125,-289,-286,-212,-103,-67,-48,-72,-123,-416,-375,-1047,-1039,-875,-932,-1045,-1023,-989,-955,-29996,-29997,-29999]} 1. e4 c5 2. Nf3 d6 3. d4 cxd4 4. Nxd4 Nf6 5. Nc3 a6 6. h3 {[%cal Bh2h3,Bh3h4,Bh4h5][%mdl 32]} e6 7. g4 Be7 {B81: Sicilian Scheveningen: Keres Attack} 8. g5 Nfd7 9. Be3 b5 10. a3 Bb7 11. h4 Nc6 12. Nxc6 {LiveBook: 13 Games} Bxc6 13. Qd4 O-O $1 14. O-O-O Rb8 15. h5 $1 {[#]} e5 $146 16. Qd2 $1 f5 {Threatens to win with ...f4.} 17. gxf6 (17. f3 $14) 17... Nxf6 $11 18. Bd3 Kh8 19. Qe2 (19. Rdg1 $11 {remains equal.}) 19... b4 $17 20. axb4 Rxb4 21. b3 a5 {[%cal Ba6a5,Ba5a4][%mdl 32]} 22. Bd2 {[#]} (22. h6 $15 g6 23. f3) 22... Qa8 $1 23. Rhg1 $2 {[#]} (23. Kb2 $17) 23... a4 $1 $19 {[%cal Ra4b3]} 24. Nxa4 Rxa4 (24... Rbb8 $19 25. Bc3 Rfc8) 25. bxa4 $17 d5 $40 {[%mdl 128] And now ...Ba3+ would win. Black is up to no good.} 26. Bc3 $1 Ba3+ ({Better is} 26... d4 27. Bb2 Qxa4) 27. Kd2 $2 {[%mdl 8192]} (27. Bb2 $17 {was forced.} Bxb2+ 28. Kxb2 Qxa4 29. exd5 Rb8+ 30. Kc1 Qa3+ 31. Kd2 Qa5+ 32. Kc1 Bxd5 33. Qxe5 Rb1+ 34. Kxb1 Ba2+ 35. Kb2 Qxe5+ 36. Kxa2) 27... d4 $19 28. Ba1 $2 (28. Ke1 dxc3 29. Rg5) 28... Bb4+ 29. c3 dxc3+ 30. Bxc3 Bxc3+ 31. Kxc3 Qa5+ 32. Kc4 Bxa4 {[%cal Rf8c8]} 33. f3 Rc8# {Precision: White = 24%, Black = 72%.} 0-1

[Event "3rd Kolkata GM Open 2018"]
[Site "Kolkata"]
[Date "2018.05.21"]
[Round "8"]
[White "Vishnu Prasanna. V"]
[Black "Nguyen, Phuoc Tam"]
[Result "*"]
[WhiteElo "2532"]
[BlackElo "2210"]
[Annotator "TA"]
[PlyCount "80"]
[EventDate "2018.??.??"]
[EventType "swiss"]
[EventCountry "IND"]
[SourceTitle "playchess.com"]
[Source "ChessBase"]
[SourceQuality "1"]

{[%evp 16,80,-1,-22,80,95,91,44,81,13,27,37,39,45,76,92,92,108,141,137,176,179,208,197,208,89,153,147,147,0,0,0,0,0,0,0,0,22,4,0,124,117,116,123,227,220,266,239,217,200,199,199,192,80,361,134,488,-563,6183,3237,29991,29989,29992,29989,29992,101,98]} 1. e4 g6 2. d4 Bg7 3. Nc3 d6 4. f4 a6 5. Nf3 Nd7 6. Bc4 {B06: Modern Defence} (6. Be3 b5 7. Bd3 b4 8. Ne2 c5 9. c3 bxc3 10. bxc3 Ngf6 11. O-O O-O 12. Rb1 Qa5 13. Kh1 Qc7 14. Ng3 {1-0 (55) Kravtsiv,M (2621)-Tkachiev,V (2658) Bastia 2015}) 6... e6 7. f5 Nb6 8. Bb3 exf5 9. O-O {LiveBook: 3 Games} d5 $146 (9... h6 $11) ({Predecessor:} 9... Ne7 10. Bg5 O-O 11. Qe1 h6 12. Qh4 Re8 13. Bxh6 d5 14. e5 Nd7 15. Ng5 Bxh6 16. Qxh6 Nf8 17. Rf4 {1-0 (17) Harika,D (2539)-Tan,Z (2502) Teheran 2017}) 10. exd5 $16 Nf6 {[%cal Bg8f6,Bf6e8,Be8d6,Bd6e4][%mdl 32]} 11. Qe1+ Kf8 $1 12. Qh4 (12. Qe2 $16) 12... h6 13. Ne5 {Threatens to win with d6!} g5 14. Qh3 $36 {[%mdl 2048] White has good play.} Ne8 15. Bd2 Nd6 16. Rae1 Nd7 17. Nd1 Nf6 18. c4 Nde4 19. Bb4+ Kg8 20. c5 (20. Qd3 $18) 20... a5 (20... Nxd5 $142 21. Ne3 Bxe5 22. dxe5 Nxb4 23. Nxf5 Nxc5 24. Bxf7+ Kxf7 25. e6+ Nxe6 26. Qh5+ Kf6 27. Nxh6+ Ke7) 21. d6 Be6 {[#]} 22. Nxf7 (22. d5 $1 $16 {[%cal Rd5e6][%mdl 512]} Nxd5 {[#]} (22... Bxd5 23. Bxd5) 23. Nxf7 $1 {[%mdl 512]} Bxf7 24. Qxf5) 22... Bxf7 $11 23. Bxf7+ Kxf7 24. Qxf5 Re8 $1 25. Rxe4 Rxe4 26. Qxe4 axb4 27. Qxb7 {Black must now prevent Ne3.} Kg6 (27... Qc8 $11 {keeps the balance.} 28. Qxb4 cxd6) 28. dxc7 $16 Qc8 29. Qf3 {And now Ne3 would win.} Ra7 (29... Kh7 $16) 30. Qd3+ $18 Kf7 31. Ne3 Rxc7 32. Nd5 Rc6 33. Nxb4 Re6 34. Nd5 (34. a4 $18) 34... Qd8 $2 {[%mdl 8192]} (34... Kg8 $16 35. Ne3 Qb7) 35. Ne3 $2 (35. Qc4 $18 {has better winning chances.}) 35... Qb8 $2 {[%mdl 8192]} (35... Kg8 $16 36. Qc4 Qe8) 36. Qb3 $4 {[%mdl 8192]} (36. d5 $18 {is the narrow road to win.} Re8 37. d6) 36... Kg6 $4 {[%mdl 8192]} (36... Qxb3 $19 37. axb3 Rxe3) 37. Qxb8 Ng4 38. Qg8 Re7 39. Qd5 Kh7 40. Qe4+ $2 (40. Nxg4 {mates} h5 41. Qxg5 Kh8 42. Nf6 Bxf6 43. Rxf6 Re1+ 44. Kf2 Rf1+ 45. Kxf1 Kh7 46. Rh6#) 40... Rxe4 {Precision: White = 43%, Black = 27%.} *

[Event "3rd Kolkata GM Open 2018"]
[Site "Kolkata"]
[Date "2018.05.21"]
[Round "8"]
[White "Burmakin, Vladimir"]
[Black "Nihal Sarin"]
[Result "1/2-1/2"]
[WhiteElo "2528"]
[BlackElo "2551"]
[Annotator "TA"]
[PlyCount "62"]
[EventDate "2018.??.??"]
[EventType "swiss"]
[EventCountry "IND"]
[SourceTitle "playchess.com"]
[Source "ChessBase"]
[SourceQuality "1"]

{[%evp 21,62,3,17,0,0,3,11,6,10,10,16,0,0,0,0,0,0,0,0,0,0,0,-4,-10,0,0,7,0,12,0,0,0,0,0,0,0,0,0,0,0,0,0,0]} 1. Nf3 c5 2. c3 Nf6 3. d4 cxd4 4. cxd4 d5 5. Nc3 Nc6 6. Bf4 Ne4 7. e3 Nxc3 8. bxc3 e6 9. Bd3 Bd6 {D13: Slav Defence: Exchange variation without ...Bf5} 10. Bxd6 Qxd6 11. O-O O-O {LiveBook: 14 Games. The position is equal.} 12. Rc1 b6 (12... e5 13. dxe5 Nxe5 14. Be2 Rd8 15. Nxe5 Qxe5 16. Qb3 b6 17. c4 {½-½ (31) Wang,Y (2718)-Mamedyarov,S (2743) Tromsoe 2014}) 13. c4 dxc4 14. Rxc4 $146 {[#] Threatens to win with Qc2.} ({Predecessor:} 14. Bxc4) 14... Bb7 15. Qb1 {Strongly threatening d5.} Na5 16. Rc3 g6 17. Rfc1 Rac8 18. Nd2 Rxc3 19. Rxc3 e5 20. dxe5 Qxe5 21. Qc2 Rd8 22. Be2 h5 23. h3 Rd7 24. Nf3 Bxf3 25. Bxf3 Nb7 26. Rc8+ Kg7 27. Qa4 Qa1+ 28. Kh2 Qe5+ $1 29. Kg1 Qa1+ 30. Kh2 Qe5+ $1 31. Kg1 Qa1+ {Precision: White = 81%, Black = 67%.} 1/2-1/2

[Event "3rd Kolkata GM Open 2018"]
[Site "Kolkata"]
[Date "2018.05.21"]
[Round "8"]
[White "Shyam, Sundar M"]
[Black "Rozum, Ivan"]
[Result "1-0"]
[WhiteElo "2518"]
[BlackElo "2581"]
[Annotator "TA"]
[PlyCount "125"]
[EventDate "2018.??.??"]
[EventType "swiss"]
[EventCountry "IND"]
[SourceTitle "playchess.com"]
[Source "ChessBase"]
[SourceQuality "1"]

{[%evp 17,125,18,27,0,0,-9,-10,0,7,0,3,-27,-27,-27,-29,-18,-18,-28,0,-9,-2,-13,0,0,0,0,5,0,23,19,35,0,0,0,477,473,454,286,293,292,285,285,239,239,233,192,191,209,209,209,239,224,235,235,231,231,224,222,230,229,228,217,279,283,273,264,289,289,289,282,283,279,312,297,352,334,322,0,281,280,334,334,334,330,29938,5212,29949,29948,12752,1092,12693,11218,29960,29960,29954,29957,29955,29956,29953,12417,29969,29971,29971,29972,29971,29973,29971,29972,29975,29976]} 1. Nf3 g6 2. e4 Bg7 3. d4 d6 4. c3 Nf6 5. Bd3 O-O 6. O-O Nc6 7. d5 Nb8 {B07: Pirc-Ufimzew-Verteidigung} 8. h3 e5 9. dxe6 Bxe6 {LiveBook: 4 Partien. Die Stellung ist ausgeglichen.} 10. c4 Nc6 11. Nc3 Nd7 $146 {[%cal Bf6d7,Bd7e5,Be5d3][%mdl 32]} ({Vorgänger:} 11... Ne5 12. Nxe5 dxe5 13. Be2 c6 14. Be3 Qe7 15. Qa4 {½-½ (49) Aronian,L (2815)-Giri,A (2720) Beijing 2012}) 12. Bg5 f6 13. Be3 Nde5 14. Nd5 Nxd3 15. Qxd3 Ne5 16. Nxe5 dxe5 17. Bc5 Rf7 18. Rad1 Rd7 {Droht stark ...c6.} 19. Qf3 Kf7 20. Qb3 b6 21. Ba3 Bh6 22. Qb5 Qc8 23. Qc6 $36 {[%mdl 2048] Weiss hat Druck.} Rb8 24. c5 bxc5 25. Qxc5 Qb7 $2 {[%mdl 8192] [#]} (25... Bf8 $11 {und Schwarz ist OK.} 26. Qxf8+ (26. Qxa7 $2 c6 $19) 26... Qxf8 27. Bxf8 Rxf8) 26. Nxf6 $1 $18 {[%mdl 512]} Rd6 (26... Kxf6 27. Rxd7) 27. Ng4 (27. Qxe5 Bg7 $18) 27... Bxg4 28. hxg4 Qc6 29. Qxe5 (29. Rxd6 Qxc5 30. Rd7+ (30. Bxc5 cxd6 31. Ba3 Rb6 $16) 30... Ke6 $16) 29... Re8 30. Rxd6 cxd6 31. Qd5+ (31. Qxd6 $6 Qxd6 32. Bxd6 Rxe4) 31... Qxd5 32. exd5 {[%mdl 4096] Endspiel KTL-KTL} Re2 33. Rd1 ({Finger weg von} 33. Bxd6 $6 Rxb2 34. f4 Rd2 $16) 33... Ke7 34. Kf1 Rc2 35. Re1+ Kd7 36. Re6 Bf8 37. Re4 Bg7 38. Ra4 a5 39. Ke1 ({Keinesfalls} 39. Rxa5 $6 Bd4) 39... h5 40. gxh5 gxh5 41. Rxa5 {Schwarz muss nun Ta7+ beachten.} Bd4 42. Ra6 Rxf2 43. Rxd6+ Kc7 44. Rc6+ Kb7 45. Rg6 Rc2 46. Kd1 Rf2 47. Ke1 Rc2 $1 48. Rg5 Bxb2 49. Bxb2 Rxb2 {KT-KT} 50. Kf1 (50. Rxh5 Rxg2 51. a3 Kb6 $11) 50... Rxa2 $2 (50... h4 $18 51. a3 Rd2) 51. Rxh5 Kc7 52. Kg1 Kd6 53. Kh2 (53. Rf5 $142 Kc5 54. Kh2) 53... Ra8 54. Rf5 Kc5 55. Kg3 Ra4 56. Kh3 Ra8 57. g4 {[%cal Bg2g4,Bg4g5,Bg5g6][%mdl 32]} Kd4 58. d6 Rd8 59. g5 {Weiß setzt Matt.} Rxd6 60. Kg4 Ke4 61. Ra5 Rc6 62. Kh5 Kf4 63. g6 {Precision: Weiß = 81%, Schwarz = 42%.} 1-0

[Event "3rd Kolkata GM Open 2018"]
[Site "Kolkata"]
[Date "2018.05.21"]
[Round "8"]
[White "Tran, Tuan Minh"]
[Black "Raghunandan, Kaumandur Srihari"]
[Result "0-1"]
[WhiteElo "2512"]
[BlackElo "2400"]
[Annotator "TA"]
[PlyCount "82"]
[EventDate "2018.??.??"]
[EventType "swiss"]
[EventCountry "IND"]
[SourceTitle "playchess.com"]
[Source "ChessBase"]
[SourceQuality "1"]

{[%evp 21,82,27,24,18,36,-118,-115,-101,-67,-84,-93,-90,-125,-91,-33,-48,0,0,0,0,0,0,0,0,0,0,0,0,0,-20,0,0,0,0,0,0,0,-425,-425,-600,-560,-564,-562,-764,-740,-775,-750,-896,-889,-871,-870,-852,-777,-743,-714,-924,-881,-879,-864,-862,-857,-1004,-990]} 1. d4 Nf6 2. c4 g6 3. Nc3 Bg7 4. e4 d6 5. Bd3 O-O 6. Nge2 c5 7. d5 e6 8. Bg5 h6 {E70: Königsindisch (Weiß spielt früh e2-e4)} 9. Bh4 exd5 10. exd5 Nbd7 11. f4 g5 {LiveBook: 9 Partien} 12. fxg5 Ng4 {[#] Droht ...Se3 und aus.} 13. O-O $146 (13. Bg3 $14 {bleibt weiter vorne.}) ({Vorgänger:} 13. Qd2 Nde5 14. Ne4 hxg5 15. Bxg5 f6 16. Bf4 {1-0 (40) Mastrovasilis,A (2555)-Naiditsch,A (2696) Baku 2016}) 13... hxg5 $17 14. Bg3 Nde5 15. Bxe5 Bxe5 16. Ng3 Bxg3 ({Doch nicht} 16... Bd4+ $6 17. Kh1 $11) 17. hxg3 {[#]} f5 (17... Kg7 $1 $17 18. Qe1 Rh8) 18. Qd2 $1 $15 Bd7 19. Rae1 $1 Qf6 20. Ne4 {[%cal Bc3e4,Be4f2,Bf2h3,Bh3f4][%mdl 32]} Qd4+ 21. Nf2 Qg7 22. Nh3 Ne5 23. Be2 g4 $36 {[%mdl 2048] Schwarz kämpft um Vorteil.} 24. Nf4 Rae8 25. Qa5 Nxc4 26. Bxc4 {Droht stark Dd2.} Qd4+ 27. Kh2 Qh8+ 28. Kg1 {Dd2 ist eine echte Drohung.} Qd4+ 29. Rf2 $2 {[%mdl 8192]} (29. Kh2 $11 Qxc4 30. Qc7) 29... b6 $19 {[%cal Bb7b6,Bb6a5][%mdl 32] Schwarz steht klar auf Gewinn.} ({Schlechter ist} 29... Qxc4 30. Rxe8 Rxe8 31. Qc7 $11) 30. Rxe8 (30. Qd2 $142 Qxd2 31. Rxd2 Rxe1+ 32. Kf2) 30... bxa5 31. Rxf8+ Kxf8 32. b3 a4 33. Bb5 Ke7 34. Bc6 axb3 35. axb3 Kd8 36. Bb5 Qe3 37. Bc4 Qxg3 38. Ne2 Qe3 39. Kf1 Kc7 40. g3 Kb6 41. Kg2 Bb5 {Precision: Weiß = 46%, Schwarz = 84%.} 0-1